| 000 | 00309nam a2200121 i 4500 | ||
|---|---|---|---|
| 001 | bg | ||
| 245 | 0 | _aModelowanie metodami siatkowymi wybranych procesów o stałych rozłożonych. | |
| 260 |
_aWrocław, _c1975. |
||
| 040 | _cBPK | ||
| 041 | _apol | ||
| 942 | _cKS | ||
| 008 | s pl f |000 0 pol | ||
| 999 |
_c16061 _d16061 |
||
| 856 |
_uhttp://koha.tu.koszalin.pl/cgi-bin/koha/opac-detail.pl?biblionumber=16061 _yKatalog online BPK |
||